[Event "Beersheba-B"]
[Site "Beersheba"]
[Date "1992.??.??"]
[Round "1"]
[White "Gofshtein, Leonid D"]
[Black "Kagan, Igor"]
[Result "1-0"]
[WhiteElo "2485"]
[BlackElo "2380"]
[PlyCount "79"]
[EventDate "1992.??.??"]
[EventType "schev"]
[EventRounds "12"]
[EventCountry "ISR"]
[SourceTitle "EXT 1998"]
[Source "ChessBase"]
[SourceDate "1997.11.17"]
[SourceVersion "1"]
[SourceVersionDate "1997.11.17"]
[SourceQuality "1"]

1. e4 c5 2. Nf3 Nc6 3. d4 cxd4 4. Nxd4 e5 5. Nf3 Nf6 6. Bc4 Be7 7. 0-0 d6 8. Nc3 Bg4 9. h3 Be6 10. Bb3 0-0 11. Qe2 Qa5 12. Bd2 Qa6 13. Qxa6 bxa6 14. Bg5 Rfd8 15. Rfd1 Kf8 16. Bxf6 Bxf6 17. Nd5 Bxd5 18. Rxd5 Rab8 19. c3 Rb5 20. Rd2 Na5 21. Bd5 Rc8 22. Rad1 Rb6 23. Re2 Nc4 24. b3 Na3 25. Rd3 a5 26. c4 h6 27. Kh2 Bd8 28. g4 Rbb8 29. h4 g6 30. g5 h5 31. Ng1 Bb6 32. Nh3 Bc5 33. f4 exf4 34. Nxf4 Rc7 35. Rf3 Kg7 36. Kg2 Bd4 37. Bxf7 Rxf7 38. Ne6+ Kg8 39. Rxf7 Kxf7 40. Nxd4 1-0